• 首页
  • 本馆介绍
  • 公告通知
  • 最新文献
  • 馆藏检索
  • 电子资源
  • 读者导购
  • 参考咨询
  • 我的图书馆
  • 登录
  • 详细信息显示
  • 放入我的书架
  • 预约/预借图书
  • 作者相关作品
  • 分类相关作品
  • 丛书相关作品
  • 出版社相关作品

书目信息

  • 表格格式
  • 工作单格式
  • 卡片格式
题名:
系统论 信息论 控制论浅说
    
 
作者: 杨春时 编著
分册:  
出版信息: 北京   中国广播电视出版社  1987.02
页数: 280页
开本: 19cm
丛书名:
单 册:
中图分类: N94
科图分类:
主题词: 系统理论 , 系统科学 , 系统工程
电子资源:
ISBN:
000 00667nam0 2200241 45
001 0196109017
005 20060406095238.25
010    @dCNY1.80
091    @a2236.008
100    @a19961014d1987 em y0chiy0120 ea
101 0  @achi
102    @aCN@b110000
105    @ay z 000yy
200 10 @a系统论 信息论 控制论浅说@AXi Tong Lun Xin Xi Lun Kong Zhi Lun Qian Shuo@f杨春时等编著@FYang Chun Shi Deng Bian Zhu
210    @a北京@c中国广播电视出版社@d1987.02
215    @a280页@d19cm
606 0  @a系统理论
606 0  @a系统科学
606 0  @a系统工程
690    @aN94@v4
701  0 @a杨春时@Ayang chun shi@4编著
801  0 @aCN@bNLC@c20060406
905    @dN94@e16
    
    系统论 信息论 控制论浅说/杨春时等编著.-北京:中国广播电视出版社,1987.02
    280页;19cm
    
    
    ISBN :CNY1.80
    
●
相关链接 在E读中查询图书 在五车中查询图书 在当当中查询图书 在豆瓣中查询图书


正题名:系统论 信息论 控制论浅说     索取号:N94/16         预约/预借

序号 登录号 条形码 馆藏地/架位号 状态 备注
1 0210513   001234943   密集书库/ [索取号:N94/16] 在馆    
2 0210514   202161579   密集书库/ [索取号:N94/16] 在馆    
3 0210515   202156567   密集书库/ [索取号:N94/16] 在馆    
4 0210516   001234952   第二样本阅览室/ [索取号:N94/16] 在馆    
5 0210517   202224119   密集书库/ [索取号:N94/16] 在馆    
6 0210518   202224057   密集书库/ [索取号:N94/16] 在馆    
7 0210519   001234961   密集书库/ [索取号:N94/16] 在馆    
8 0210520   001469770   密集书库/ [索取号:N94/16] 在馆    
9 0210521   001948030   第三借阅区/ [索取号:N94/16] 在馆    
10 0210522   202224048   密集书库/ [索取号:N94/16] 在馆    
唐山师范学院图书馆 欢迎您!
大连网信软件有限公司© 版权所有